[Event "Hillerod Byturnering Basis 2 2013"]
[Site "Hillerod"]
[Date "2013.05.07"]
[Round "2"]
[White "Holm, Henrik"]
[Black "So, John"]
[Result "1-0"]
[WhiteElo "1617"]
[BlackElo "1551"]
[PlyCount "67"]
[EventDate "2013.??.??"]

1. d4 d5 2. c4 Nf6 3. Nc3 a6 4. e3 Bf5 5. Qb3 e6 6. Qxb7 Nbd7 7. cxd5 exd5 8.
Bxa6 Be7 9. Be2 O-O 10. Nf3 Nb6 11. Ne5 Rb8 12. Qc6 Bd6 13. Nb1 Bxe5 14. dxe5
Bd7 15. Qc2 Ne4 16. O-O Bf5 17. Bd3 c5 18. Nc3 Bg6 19. Nxe4 dxe4 20. Bxe4 f5
21. exf6 Qxf6 22. Bxg6 hxg6 23. Bd2 c4 24. Bc3 Qe6 25. Rfd1 Rbe8 26. Rd2 Rf5
27. Rad1 Rd5 28. e4 Rxd2 29. Rxd2 Nd7 30. h3 Ne5 31. f3 Nd3 32. Rxd3 cxd3 33.
Qxd3 Re7 34. Qd4 1-0

[Event "Hillerod Byturnering Basis 2 2013"]
[Site "Hillerod"]
[Date "2013.05.07"]
[Round "2"]
[White "Jarulf, Birger"]
[Black "Christophersen, David"]
[Result "1-0"]
[WhiteElo "1728"]
[BlackElo "1754"]
[PlyCount "121"]
[EventDate "2013.??.??"]

1. d4 Nf6 2. Nf3 g6 3. Nc3 Bg7 4. e4 d6 5. Bf4 O-O 6. Be2 c5 7. e5 Nh5 8. Be3
Nc6 9. exd6 Qa5 10. dxe7 Re8 11. O-O Rxe7 12. Nd5 Rd7 13. c4 cxd4 14. Nxd4 Nf6
15. Nxc6 bxc6 16. Nxf6+ Bxf6 17. Qc2 Rb7 18. Bd2 Qc7 19. Bc3 Bf5 20. Bd3 Bxd3
21. Qxd3 Rd8 22. Qc2 Be5 23. Bxe5 Qxe5 24. b3 Qa5 25. Qe4 Qc5 26. Rfe1 Rbd7 27.
Qe5 Qb4 28. Kf1 Rd2 29. Re2 R2d4 30. Rae1 Qc3 31. Qf6 Qd3 32. Qxc6 R8d6 33. Qf3
Qxf3 34. gxf3 Rh4 35. Kg2 Ra6 36. Rd1 Ra5 37. Kg3 Rhh5 38. Rd4 Ra3 39. Rd5 Rh6
40. h4 Kf8 41. f4 Ra6 42. Kg4 Ra3 43. c5 Ra5 44. b4 Ra3 45. Rc2 Kg7 46. f3 Re3
47. c6 Re1 48. Kg3 Rg1+ 49. Rg2 Rc1 50. b5 Kf6 51. Rd7 Rh5 52. a4 a6 53. Rb2
Rg1+ 54. Kf2 Rh1 55. Ke3 axb5 56. axb5 Re1+ 57. Kf2 Re8 58. b6 Rxh4 59. Kg3 Rh1
60. b7 Rc1 61. c7 1-0

[Event "Hillerod Byturnering Basis 2 2013"]
[Site "Hillerod"]
[Date "2013.05.07"]
[Round "2"]
[White "Nygaard, Soren"]
[Black "Palvig, David Kinch"]
[Result "1-0"]
[WhiteElo "1650"]
[BlackElo "1610"]
[PlyCount "73"]
[EventDate "2013.??.??"]

1. d4 d5 2. c4 e6 3. Nc3 c6 4. Nf3 Nf6 5. Bg5 Be7 6. cxd5 exd5 7. e3 Bf5 8. Be2
Nbd7 9. O-O O-O 10. Rc1 Re8 11. h3 h6 12. Bf4 Ne4 13. a3 Ndf6 14. Na4 Bd6 15.
Ne5 Nd7 16. f3 Bxe5 17. dxe5 Ng5 18. Bxg5 hxg5 19. f4 b5 20. g4 Be4 21. Nc5
Nxc5 22. Rxc5 gxf4 23. exf4 g5 24. f5 Rxe5 25. Rxc6 d4 26. Rc1 d3 27. Bf3 Qd4+
28. Rf2 d2 29. Bxe4 dxc1=Q 30. Qxc1 Rxe4 31. Qxg5+ Qg7 32. Qd2 Ree8 33. f6 Qh7
34. Rf5 Re6 35. Rg5+ Kh8 36. Rh5 Rxf6 37. Qd4 1-0

[Event "Hillerod Byturnering Basis 2 2013"]
[Site "Hillerod"]
[Date "2013.05.14"]
[Round "3"]
[White "Christophersen, David"]
[Black "Nygaard, Soren"]
[Result "0-1"]
[WhiteElo "1754"]
[BlackElo "1650"]
[PlyCount "96"]
[EventDate "2013.??.??"]

1. d4 Nf6 2. c4 g6 3. Nc3 d5 4. Bg5 Ne4 5. Nxe4 dxe4 6. f3 Bg7 7. e3 c5 8. fxe4
cxd4 9. Nf3 Bg4 10. exd4 Nc6 11. d5 Ne5 12. Qa4+ Bd7 13. Qb3 O-O 14. Nxe5 Bxe5
15. Be2 Qa5+ 16. Bd2 Qc7 17. g3 Rfb8 18. Rc1 Qd6 19. c5 Qf6 20. Rf1 Qg7 21. Bc3
Bh3 22. Rf2 Bd7 23. d6 Bxc3+ 24. Rxc3 Be6 25. Bc4 Bxc4 26. Qxc4 exd6 27. Rcf3
Rf8 28. cxd6 Rac8 29. Qb3 Qd4 30. Qd1 Qxe4+ 31. Kf1 Qc4+ 32. Kg2 Rcd8 33. b3
Qc6 34. Rd2 Rd7 35. Kg1 Rfd8 36. Rfd3 Qc5+ 37. Kg2 Re8 38. Rc2 Qb6 39. Qd2 Red8
40. Qf4 Rxd6 41. Rf3 R6d7 42. h4 Qd4 43. Qc1 Qe4 44. Rcf2 f5 45. Kh2 Rd1 46.
Qb2 Qe1 47. Rf1 R8d2+ 48. Kh3 Rxb2 0-1

[Event "Hillerod Byturnering Basis 2 2013"]
[Site "Hillerod"]
[Date "2013.06.11"]
[Round "3"]
[White "Neesgaard Madsen, Helge"]
[Black "Holm, Henrik"]
[Result "0-1"]
[WhiteElo "1727"]
[BlackElo "1617"]
[PlyCount "76"]
[EventDate "2013.??.??"]

1. d4 Nf6 2. e3 g6 3. f4 Bg7 4. Nf3 c5 5. Bd3 cxd4 6. exd4 b6 7. O-O O-O 8. c4
d5 9. Nc3 dxc4 10. Bxc4 Ba6 11. Bxa6 Nxa6 12. Be3 Nc7 13. Ne5 Ncd5 14. Nxd5
Nxd5 15. Qd3 Qd6 16. Bd2 Rfd8 17. Kh1 Nxf4 18. Qe4 Bxe5 19. dxe5 Qxd2 20. Rxf4
Qd5 21. Qe2 Rac8 22. Raf1 Rf8 23. Qa6 Rc2 24. R4f2 Rxf2 25. Rxf2 Qxe5 26. h3
Rd8 27. b3 Rd1+ 28. Rf1 Rxf1+ 29. Qxf1 a5 30. Qf2 Qd6 31. Qe2 h5 32. Qc4 Qc5
33. Qf4 Kg7 34. Qd2 e5 35. g4 hxg4 36. hxg4 Qd4 37. Qe2 e4 38. g5 e3 0-1

[Event "Hillerod Byturnering Basis 2 2013"]
[Site "Hillerod"]
[Date "2013.05.14"]
[Round "3"]
[White "Palvig, David Kinch"]
[Black "Kuehn, Morten"]
[Result "0-1"]
[WhiteElo "1610"]
[BlackElo "1742"]
[PlyCount "22"]
[EventDate "2013.??.??"]

1. d4 Nf6 2. Bf4 d5 3. Nf3 c5 4. e3 Nc6 5. c3 Bg4 6. Be2 h6 7. dxc5 g5 8. Be5
Bxf3 9. Bxf6 Bxe2 10. Bxe7 Bxd1 11. Bxd8 Rxd8 0-1

[Event "Hillerod Byturnering Basis 2 2013"]
[Site "Hillerod"]
[Date "2013.05.14"]
[Round "3"]
[White "So, John"]
[Black "Jarulf, Birger"]
[Result "1-0"]
[WhiteElo "1551"]
[BlackElo "1728"]
[PlyCount "79"]
[EventDate "2013.??.??"]

1. e4 c6 2. d4 d6 3. Nf3 Bg4 4. c3 Nd7 5. Be2 e5 6. O-O Be7 7. Nbd2 Ngf6 8. h3
Bh5 9. Nh2 Bg6 10. Bd3 Qc7 11. Re1 O-O 12. Ndf1 b5 13. Ng3 Nb6 14. Ng4 a6 15.
Bg5 Nxg4 16. Bxe7 Qxe7 17. Qxg4 Qf6 18. dxe5 dxe5 19. Rab1 Rad8 20. Re3 Rd6 21.
Nf5 Bxf5 22. Qxf5 Rfd8 23. Qxf6 Rxf6 24. b3 Rfd6 25. Be2 Rd2 26. a3 Kf8 27. c4
R8d4 28. cxb5 axb5 29. Rc1 Rd6 30. Rc5 f6 31. Bf3 Nd7 32. Rcc3 c5 33. Be2 b4
34. axb4 cxb4 35. Rc8+ Kf7 36. Rc7 Kg6 37. h4 h5 38. g4 hxg4 39. Bxg4 Kh6 40.
Rc8 1-0

[Event "Hillerod Byturnering Basis 2 2013"]
[Site "Hillerod"]
[Date "2013.05.21"]
[Round "4"]
[White "Holm, Henrik"]
[Black "Jarulf, Birger"]
[Result "1/2-1/2"]
[WhiteElo "1617"]
[BlackElo "1728"]
[PlyCount "82"]
[EventDate "2013.??.??"]

1. e4 c6 2. d4 d6 3. Nc3 Qc7 4. Bd3 e5 5. Nge2 Nf6 6. O-O Nbd7 7. h3 Be7 8. Kh1
Nf8 9. f4 Bd7 10. Qe1 Ng6 11. f5 Nf8 12. a3 O-O-O 13. b4 d5 14. dxe5 Nxe4 15.
Bxe4 dxe4 16. Qg3 h6 17. Nxe4 Nh7 18. Be3 b6 19. c4 g5 20. Nd6+ Bxd6 21. exd6
Qb7 22. c5 Rhe8 23. Qf2 b5 24. a4 Re4 25. Rfb1 Rde8 26. Rb3 Kb8 27. Ng3 Rc4 28.
axb5 Qxb5 29. Qa2 a6 30. Ra3 Bc8 31. d7 Bxd7 32. Rxa6 Rxb4 33. Ra8+ Kc7 34. Qd2
Rb1+ 35. Kh2 Rxa1 36. Rxa1 Qb8 37. Rd1 Nf8 38. Qa5+ Kc8 39. Qa6+ Qb7 40. Qd3
Qb5 41. Qd2 Re5 1/2-1/2

[Event "Hillerod Byturnering Basis 2 2013"]
[Site "Hillerod"]
[Date "2013.05.21"]
[Round "4"]
[White "Kuehn, Morten"]
[Black "Christophersen, David"]
[Result "1/2-1/2"]
[WhiteElo "1742"]
[BlackElo "1754"]
[PlyCount "53"]
[EventDate "2013.??.??"]

1. e4 d6 2. d4 Nf6 3. Nc3 g6 4. Be3 Bg7 5. f3 O-O 6. Qd2 Nbd7 7. O-O-O c6 8. g4
b5 9. Nce2 a5 10. h4 h5 11. e5 dxe5 12. dxe5 Nd5 13. Bh6 Nxe5 14. Bxg7 Kxg7 15.
gxh5 Bf5 16. Ng3 e6 17. Nxf5+ exf5 18. hxg6 fxg6 19. Bxb5 Nb4 20. Be2 Qf6 21.
a3 Rfd8 22. Qg5 Rxd1+ 23. Kxd1 Nd5 24. Qxf6+ Kxf6 25. Nh3 Ne3+ 26. Kd2 Ng2 27.
Nf2 1/2-1/2

[Event "Hillerod Byturnering Basis 2 2013"]
[Site "Hillerod"]
[Date "2013.05.21"]
[Round "4"]
[White "Neesgaard Madsen, Helge"]
[Black "Palvig, David Kinch"]
[Result "1-0"]
[WhiteElo "1727"]
[BlackElo "1610"]
[PlyCount "67"]
[EventDate "2013.??.??"]

1. d4 d6 2. e3 g6 3. f4 Bg7 4. Nf3 Nf6 5. Bc4 O-O 6. O-O Bg4 7. Qe1 Nbd7 8. Qh4
Be6 9. Bxe6 fxe6 10. Ng5 Rf7 11. Nxf7 Kxf7 12. c4 c5 13. d5 exd5 14. cxd5 Nxd5
15. f5 gxf5 16. Rxf5+ N5f6 17. Nc3 Kg8 18. e4 e6 19. Rf3 Ne5 20. Rg3 Ng6 21.
Rxg6 hxg6 22. Bg5 Qf8 23. Rf1 Nxe4 24. Rxf8+ Rxf8 25. Qxe4 Bd4+ 26. Be3 Bxe3+
27. Qxe3 e5 28. Qg5 Rf5 29. Qxg6+ Kh8 30. Qxf5 b5 31. Qg6 e4 32. Nxe4 d5 33.
Nf6 d4 34. Qh7# 1-0

[Event "Hillerod Byturnering Basis 2 2013"]
[Site "Hillerod"]
[Date "2013.05.21"]
[Round "4"]
[White "Nygaard, Soren"]
[Black "So, John"]
[Result "1/2-1/2"]
[WhiteElo "1650"]
[BlackElo "1551"]
[PlyCount "44"]
[EventDate "2013.??.??"]

1. d4 d5 2. c4 Nf6 3. Nc3 e6 4. cxd5 Nxd5 5. e4 Nf6 6. Bg5 Be7 7. e5 Nfd7 8.
Bxe7 Qxe7 9. Bd3 c6 10. Nf3 Na6 11. a4 Nc7 12. Ne4 O-O 13. Nd6 Ne8 14. Nxc8
Rxc8 15. h4 c5 16. Bxh7+ Kh8 17. Rc1 g6 18. Ng5 Ng7 19. O-O cxd4 20. Rxc8 Rxc8
21. Qxd4 Nf5 22. Qf4 Nf8 1/2-1/2

[Event "Hillerod Byturnering Basis 2 2013"]
[Site "Hillerod"]
[Date "2013.05.28"]
[Round "5"]
[White "Jarulf, Birger"]
[Black "Nygaard, Soren"]
[Result "1-0"]
[WhiteElo "1728"]
[BlackElo "1650"]
[PlyCount "140"]
[EventDate "2013.??.??"]

1. d4 Nf6 2. Nf3 g6 3. Nc3 Bg7 4. e4 d6 5. Bf4 O-O 6. Qd2 c5 7. e5 dxe5 8. dxe5
Qxd2+ 9. Bxd2 Ng4 10. Bf4 Bf5 11. Nd5 Nc6 12. Ne3 Nxe3 13. fxe3 Bxc2 14. Rc1
Nb4 15. a3 Nd3+ 16. Bxd3 Bxd3 17. Rxc5 Rac8 18. Rxc8 Rxc8 19. Kd2 Be4 20. Rc1
Rd8+ 21. Ke2 h6 22. g4 g5 23. Bg3 e6 24. Rc5 Bf8 25. Rc7 Kg7 26. Be1 Kg6 27.
Bc3 h5 28. gxh5+ Kxh5 29. Rxf7 g4 30. Nd4 Bd5 31. Kf2 Bh6 32. Ne2 Kg6 33. Rf6+
Kg7 34. Nf4 Rf8 35. Rg6+ Kh7 36. Rxg4 Bxf4 37. exf4 Rf5 38. Kg3 a6 39. a4 Bb3
40. a5 Bd5 41. Bb4 Bb3 42. Be7 Rf7 43. Bd6 Bc2 44. b4 Rg7 45. Rg5 Rxg5+ 46.
fxg5 Kg6 47. h4 Kh5 48. Bc5 Bd1 49. Bf2 Kg6 50. Kf4 Bc2 51. Ke3 Kf5 52. Kd4 Bd1
53. Bg3 Bh5 54. Kc5 Be8 55. Kd6 Bb5 56. Bh2 Bc4 57. Ke7 Kg6 58. Kf8 Bd3 59. Ke7
Bf5 60. Bf4 Kh5 61. Kf6 Kxh4 62. g6 Kg4 63. g7 Bh7 64. Bd2 Bg8 65. Bc3 Kh5 66.
Bd4 Kh6 67. Bc5 Kh5 68. Be3 Kg4 69. Ke7 Kf5 70. Kf8 Bh7 1-0

[Event "Hillerod Byturnering Basis 2 2013"]
[Site "Hillerod"]
[Date "2013.05.28"]
[Round "5"]
[White "Palvig, David Kinch"]
[Black "Holm, Henrik"]
[Result "0-1"]
[WhiteElo "1610"]
[BlackElo "1617"]
[PlyCount "48"]
[EventDate "2013.??.??"]

1. Nf3 Nf6 2. d4 g6 3. c3 Bg7 4. Bg5 d6 5. Qc1 h6 6. Bh4 b6 7. a4 Bb7 8. a5 c5
9. axb6 Qxb6 10. e3 g5 11. Bg3 O-O 12. h4 g4 13. Nh2 cxd4 14. exd4 e5 15. dxe5
dxe5 16. Be2 Bxg2 17. Rg1 Bh3 18. Bxe5 Nbd7 19. Bd4 Qe6 20. Rxa7 Rac8 21. Ra6
Qf5 22. Nd2 Rfe8 23. Nhf1 Rxe2+ 24. Kxe2 Qb5+ 0-1

[Event "Hillerod Byturnering Basis 2 2013"]
[Site "Hillerod"]
[Date "2013.06.11"]
[Round "5"]
[White "So, John"]
[Black "Kuehn, Morten"]
[Result "0-1"]
[WhiteElo "1551"]
[BlackElo "1742"]
[PlyCount "96"]
[EventDate "2013.??.??"]

1. e4 Nc6 2. Nf3 d6 3. Bb5 a6 4. Bxc6+ bxc6 5. c4 g6 6. O-O c5 7. Nc3 e5 8. Re1
c6 9. d3 Be7 10. Rb1 a5 11. a4 f5 12. exf5 Bxf5 13. Ne4 Rb8 14. Ng3 Bg4 15. h3
Bd7 16. Qe2 Nf6 17. Bh6 Bf8 18. Bxf8 Kxf8 19. Nxe5 dxe5 20. Qxe5 Kg7 21. Qxc5
Re8 22. Qd4 Qb6 23. Qd6 Qb4 24. Qxb4 Rxb4 25. Ne4 Nxe4 26. dxe4 Rxc4 27. f3
Rxa4 28. Red1 Re7 29. Rd6 Rb4 30. Rbd1 Be8 31. R1d2 Reb7 32. e5 Rxb2 33. R2d4
R2b4 34. Rd2 Re7 35. e6 Kf6 36. Re2 a4 37. g3 a3 38. f4 Rb1+ 39. Kf2 Rb2 40.
Rdd2 a2 41. Rd1 Rxe2+ 42. Kxe2 Rxe6+ 43. Kf3 c5 44. Ra1 Bc6+ 45. Kf2 Bd5 46. h4
h5 47. Kf1 Rb6 48. Kf2 Rb1 0-1

[Event "Hillerod Byturnering Basis 2 2013"]
[Site "Hillerod"]
[Date "2013.06.04"]
[Round "6"]
[White "Holm, Henrik"]
[Black "Nygaard, Soren"]
[Result "1/2-1/2"]
[WhiteElo "1617"]
[BlackElo "1650"]
[PlyCount "72"]
[EventDate "2013.??.??"]

1. d4 Nf6 2. c4 g6 3. Nc3 d5 4. e3 Bg7 5. Nf3 O-O 6. Bd3 Bg4 7. h3 Bxf3 8. Qxf3
c6 9. O-O e6 10. b4 Nbd7 11. Qe2 Re8 12. Bb2 e5 13. dxe5 Nxe5 14. Rfd1 Qc7 15.
cxd5 Nxd5 16. Nxd5 cxd5 17. Rac1 Qe7 18. Bb5 Red8 19. a3 Rd6 20. Bd4 b6 21. Rc2
h5 22. Rdc1 Nd7 23. Bxg7 Kxg7 24. Rc7 Qd8 25. Qb2+ Kg8 26. Qc3 Nf6 27. Ba6 Ne4
28. Qd3 Qf6 29. Qe2 Kg7 30. Bd3 a5 31. Bxe4 dxe4 32. b5 Rad8 33. R7c6 Qe5 34.
Rxd6 Rxd6 35. a4 Rd5 36. g3 Rc5 1/2-1/2

[Event "Hillerod Byturnering Basis 2 2013"]
[Site "Hillerod"]
[Date "2013.06.04"]
[Round "6"]
[White "Kuehn, Morten"]
[Black "Jarulf, Birger"]
[Result "1-0"]
[WhiteElo "1742"]
[BlackElo "1728"]
[PlyCount "53"]
[EventDate "2013.??.??"]

1. e4 c6 2. d4 d6 3. Nc3 Qc7 4. f4 Nd7 5. Nf3 e5 6. Bc4 exd4 7. Qxd4 Qb6 8. Qd3
Nc5 9. Qe2 Be6 10. b3 Bxc4 11. Qxc4 Qc7 12. O-O Be7 13. Bb2 b5 14. Qe2 Nd7 15.
Rae1 Bf8 16. e5 O-O-O 17. Ne4 d5 18. Nd6+ Bxd6 19. exd6 Qxd6 20. Bxg7 Ngf6 21.
Bxh8 Rxh8 22. Ne5 Rf8 23. Kh1 Kb7 24. c4 a6 25. cxb5 axb5 26. Rc1 Nb8 27. Rxc6
1-0

[Event "Hillerod Byturnering Basis 2 2013"]
[Site "Hillerod"]
[Date "2013.06.04"]
[Round "6"]
[White "Neesgaard Madsen, Helge"]
[Black "So, John"]
[Result "1-0"]
[WhiteElo "1727"]
[BlackElo "1551"]
[PlyCount "57"]
[EventDate "2013.??.??"]

1. e4 c5 2. Nf3 d6 3. Bb5+ Bd7 4. Bxd7+ Nxd7 5. O-O e5 6. Re1 Ngf6 7. c3 Be7 8.
d4 cxd4 9. cxd4 exd4 10. Nxd4 O-O 11. Nf5 Ne5 12. Nc3 a6 13. Bg5 Re8 14. Nxe7+
Rxe7 15. Nd5 Re6 16. Bxf6 gxf6 17. f4 Nd7 18. f5 Re8 19. Rc1 Rc8 20. Rxc8 Qxc8
21. Qg4+ Kh8 22. Qh4 Qd8 23. Re3 Rg8 24. Rc3 Rg7 25. Rc7 b5 26. b4 Ne5 27. Qxf6
Qxf6 28. Nxf6 h6 29. Rc8+ 1-0

[Event "Hillerod Byturnering Basis 2 2013"]
[Site "Hillerod"]
[Date "2013.06.04"]
[Round "6"]
[White "Palvig, David Kinch"]
[Black "Christophersen, David"]
[Result "0-1"]
[WhiteElo "1610"]
[BlackElo "1754"]
[PlyCount "50"]
[EventDate "2013.??.??"]

1. e4 d6 2. f4 Nf6 3. Nc3 g6 4. d4 c5 5. e5 cxd4 6. exf6 dxc3 7. fxe7 Qxe7+ 8.
Qe2 Qxe2+ 9. Nxe2 cxb2 10. Bxb2 Rg8 11. O-O-O Be6 12. Kb1 Nc6 13. Nd4 Nxd4 14.
Rxd4 O-O-O 15. Bc4 d5 16. Rhd1 Bg7 17. Bxd5 Bxd4 18. Bxe6+ fxe6 19. Rxd4 Rxd4
20. Bxd4 a6 21. c3 g5 22. fxg5 Rxg5 23. g3 Kd7 24. Kc2 Kc6 25. Kd3 Ra5 0-1